000 01496cam a2200397 i 4500
001 a4672453
003 SIRSI
005 20241220125552.0
008 110111s2010 nyu 000 1 eng
010 _a 2010513753
020 _a9780385528047 (hardback)
020 _a0385528043 (hardback)
035 _a(OCoLC)ocn696177139
040 _aDLC
_beng
_erda
_cUBY
_dTOH
_dWVR
_dYDXCP
_dNSB
_dCWJ
_dUPZ
_dBTCTA
_dDEL
_dLF3
_dJOY
_dVP@
_dBWX
_dCDX
042 _apcc
050 0 0 _aPS3557.R5355
_bC66 2010
082 0 0 _a813/.54
_222
092 _aGRISHAM
100 1 _aGrisham, John
_eauthor.
_96401833
245 1 4 _aThe confession /
_cJohn Grisham.
250 _aFirst edition.
260 _aNew York :
_bDoubleday,
_c[2010]
264 _aNew York :
_bDoubleday,
_c[2010]
300 _a418 pages ;
_c25 cm
336 _atext
337 _aunmediated
338 _avolume
520 _aWhen Travis Boyette is paroled because of inoperable brain tumor, for the first time in his life, he decides to do the right thing and tell police about a crime he committed and another man is about to be executed for.
583 _acat
_bm rda subj upd sampler
_c20110111
_kjhs
_5UPB
583 _amove
_bsamp to stacks
_c20130829
_kjhs
_5UPB
650 0 _aJudicial error
_vFiction.
_95676057
650 0 _aDeath row inmates
_vFiction.
_95702690
655 0 _aLegal stories, American.
_96306447
655 0 _aSuspense fiction, American.
_95679149
942 _2ddc
_cBOOK
999 _c71479
_d71479